000 00446pab a2200145 454500
008 180718b xxu||||| |||| 00| 0 eng d
100 _aBhagat, R.B.
245 _aComponents of urban growth in India with reference to Haryana: findings from recent censuses
650 _a Urban Growth]
650 _a Cities and Towns - Growth
650 _a Census
650 _aCities and Towns - Growth - India - Haryana
773 _aNagarlok
909 _a22875
999 _c22875
_d22875